000 00698nam a22002535 4500
005 20260108172253.0
008 221006s2023 j 0 eng
010 _a BD23124087
020 _a9780735266742 ;
_c12.99
035 _a133430928
040 _erda
082 0 4 _a741.5973
_223
092 _agraphic novel
100 1 _aClanton, Ben,
_d1988-
_eauthor,
_eillustrator.
_95791651
245 1 2 _aA super scary narwhalloween
264 1 _aToronto, Ontario :
_bTundra Books,
_c[2023]
490 0 _aNarwhal and Jelly ;
_v8
500 _aBrodart Bibz On-Order Record
942 _2ddc
_cBOOK
999 _c386436
_d386436
999 _b03881332